[Event "Mittelrhein Regionalliga 1920"]
[Site "Mittelrhein"]
[Date "2020.01.19"]
[Round "5.6"]
[White "Tonev, Vasil"]
[Black "Gossmann, Jochen"]
[Result "1-0"]
[WhiteElo "1741"]
[BlackElo "1808"]
[PlyCount "39"]
[EventDate "2019.09.29"]
[EventType "team-tourn"]
[EventRounds "9"]
[EventCountry "GER"]
[SourceTitle "EXT 2023"]
[Source "ChessBase"]
[SourceDate "2022.10.05"]
[SourceVersion "1"]
[SourceVersionDate "2022.10.05"]
[SourceQuality "1"]
[WhiteTeam "Horrem"]
[BlackTeam "Kalker/Deutzer SG"]
[WhiteTeamCountry "GER"]
[BlackTeamCountry "GER"]

1. e4 d6 2. Nc3 Nf6 3. f4 g6 4. Nf3 Bg7 5. Bc4 e6 6. Bb3 c5 7. d3 Nc6 8. a3 0-0 9. 0-0 a6 10. Qe1 Nd7 11. Ne2 b5 12. f5 exf5 13. exf5 Nde5 14. fxg6 Nxf3+ 15. Rxf3 hxg6 16. Bd5 Nd4 17. Nxd4 Bxd4+ 18. Be3 Bxe3+ 19. Qxe3 Ra7 20. Qh6 1-0

[Event "Mittelrhein Regionalliga 1920"]
[Site "Mittelrhein"]
[Date "2019.12.08"]
[Round "4.7"]
[White "Porten, Daniel"]
[Black "Gossmann, Jochen"]
[Result "1-0"]
[WhiteElo "1988"]
[BlackElo "1808"]
[PlyCount "103"]
[EventDate "2019.09.29"]
[EventType "team-tourn"]
[EventRounds "9"]
[EventCountry "GER"]
[SourceTitle "EXT 2023"]
[Source "ChessBase"]
[SourceDate "2022.10.05"]
[SourceVersion "1"]
[SourceVersionDate "2022.10.05"]
[SourceQuality "1"]
[WhiteTeam "Niederkassel II"]
[BlackTeam "Kalker/Deutzer SG"]
[WhiteTeamCountry "GER"]
[BlackTeamCountry "GER"]

1. Nf3 g6 2. b3 Bg7 3. d4 Nf6 4. Bb2 d5 5. e3 a6 6. Be2 Ne4 7. 0-0 0-0 8. c4 e6 9. Nc3 Nxc3 10. Bxc3 Nd7 11. Qc2 Nf6 12. Nd2 Re8 13. Bf3 b6 14. Rac1 Bb7 15. Rfd1 Rc8 16. a4 Ba8 17. Bb2 dxc4 18. Qxc4 Bxf3 19. Nxf3 Qd5 20. Ne5 Ne4 21. Nc6 Qxc4 22. Rxc4 Nd6 23. Rc2 Nb7 24. Ba3 Bf8 25. Bxf8 Kxf8 26. Rdc1 h6 27. Kf1 Kg8 28. Rc3 a5 29. Na7 Ra8 30. Nb5 c5 31. Nc7 Rac8 32. Nxe8 Rxe8 33. dxc5 Nxc5 34. Rd1 Kf8 35. f3 Ke7 36. Ke2 f6 37. Kd2 Rd8+ 38. Kc2 Rxd1 39. Kxd1 Kd6 40. Kc2 Kd5 41. Rc4 e5 42. Rh4 h5 43. g4 hxg4 44. Rxg4 g5 45. h4 gxh4 46. Rxh4 Na6 47. Rh6 Ke6 48. Rh7 Nc5 49. Kc3 e4 50. f4 Kd6 51. Kc4 Ke6 52. Rh8 1-0

[Event "Mittelrhein Regionalliga 1920"]
[Site "Mittelrhein"]
[Date "2019.09.29"]
[Round "1.7"]
[White "Gossmann, Jochen"]
[Black "Paulus, Jeffrey"]
[Result "0-1"]
[WhiteElo "1808"]
[BlackElo "1891"]
[PlyCount "62"]
[EventDate "2019.09.29"]
[EventType "team-tourn"]
[EventRounds "9"]
[EventCountry "GER"]
[SourceTitle "EXT 2023"]
[Source "ChessBase"]
[SourceDate "2022.10.05"]
[SourceVersion "1"]
[SourceVersionDate "2022.10.05"]
[SourceQuality "1"]
[WhiteTeam "Kalker/Deutzer SG"]
[BlackTeam "Koeln Porz III"]
[WhiteTeamCountry "GER"]
[BlackTeamCountry "GER"]

1. d4 d5 2. Nf3 Nf6 3. g3 c5 4. dxc5 Nc6 5. Bg2 e5 6. c3 Bxc5 7. 0-0 a5 8. Bg5 Be6 9. Nbd2 h6 10. Bxf6 Qxf6 11. e3 0-0 12. Qa4 Qe7 13. e4 d4 14. cxd4 Bxd4 15. Nxd4 Nxd4 16. Kh1 b5 17. Qd1 Qb4 18. b3 Rfd8 19. a3 Qe7 20. Qb1 Rac8 21. Rc1 Rxc1+ 22. Qxc1 Bxb3 23. Qc3 a4 24. Bf1 Be6 25. Rc1 Rc8 26. Qb2 Rxc1 27. Qxc1 b4 28. axb4 Qxb4 29. Nb1 Qb3 30. Bg2 Qc2 31. Qe1 Qb2 0-1

[Event "Mittelrhein Verbandsliga-N 18/19"]
[Site "Nordrheinwestfalen"]
[Date "2018.10.28"]
[Round "3.8"]
[White "Gossmann, Jochen"]
[Black "Steiz, Johann"]
[Result "0-1"]
[WhiteElo "1855"]
[BlackElo "1682"]
[PlyCount "126"]
[EventDate "2018.09.02"]
[EventType "team-tourn"]
[EventRounds "12"]
[EventCountry "GER"]
[SourceTitle "EXT 2022"]
[Source "ChessBase"]
[SourceDate "2021.10.06"]
[SourceVersion "1"]
[SourceVersionDate "2021.10.06"]
[SourceQuality "1"]
[WhiteTeam "Kalker/Deutzer SG"]
[BlackTeam "Dormagen SV"]
[WhiteTeamCountry "GER"]
[BlackTeamCountry "GER"]

1. e4 e6 2. d4 d5 3. exd5 exd5 4. c4 Nf6 5. Nc3 Be7 6. Nf3 0-0 7. Qb3 c6 8. cxd5 cxd5 9. Bd3 Nc6 10. h3 Re8 11. 0-0 h6 12. Bf4 a6 13. a4 Bd6 14. Bxd6 Qxd6 15. Rfe1 Be6 16. Rad1 Qb4 17. Qc2 Kh8 18. Bf5 Qd6 19. Bxe6 Rxe6 20. Ne5 Qe7 21. Qf5 Kg8 22. f4 Rd8 23. Qb1 Qb4 24. Qd3 Rde8 25. Kh2 Qd6 26. Qf3 Ne4 27. Qh5 R6e7 28. Nxe4 dxe4 29. Rxe4 Qd5 30. Qf3 f6 31. Nxc6 Rxe4 32. Nb4 Qd6 33. Qb3+ Kf8 34. Nc2 Qxf4+ 35. Kh1 Qd6 36. Qxb7 Re2 37. Qb4 Qxb4 38. Nxb4 Rxb2 39. Nxa6 Ree2 40. Nc5 Rbd2 41. Rxd2 Rxd2 42. a5 Ke7 43. a6 Rxd4 44. Kg1 Rd1+ 45. Kf2 Rc1 46. Nd3 Ra1 47. Nb4 Kd6 48. Nd3 Rxa6 49. Ne1 Ke6 50. Nf3 Ra4 51. Ke3 g6 52. Nd4+ Kd5 53. Ne2 Ke5 54. g3 f5 55. Kf2 g5 56. Kf3 h5 57. Ke3 Re4+ 58. Kf3 f4 59. gxf4+ gxf4 60. Ng1 Re3+ 61. Kf2 Ke4 62. h4 Rg3 63. Ne2 Rh3 0-1

[Event "Mittelrhein Verbandsliga-N 18/19"]
[Site "Nordrheinwestfalen"]
[Date "2018.09.30"]
[Round "2.7"]
[White "Gossmann, Jochen"]
[Black "Prinz, Rene"]
[Result "0-1"]
[WhiteElo "1855"]
[BlackElo "1802"]
[PlyCount "70"]
[EventDate "2018.09.02"]
[EventType "team-tourn"]
[EventRounds "12"]
[EventCountry "GER"]
[SourceTitle "EXT 2022"]
[Source "ChessBase"]
[SourceDate "2021.10.06"]
[SourceVersion "1"]
[SourceVersionDate "2021.10.06"]
[SourceQuality "1"]
[WhiteTeam "Kalker/Deutzer SG"]
[BlackTeam "Eikamp ISVFB"]
[WhiteTeamCountry "GER"]
[BlackTeamCountry "GER"]

1. e4 e6 2. d3 c5 3. g3 Nc6 4. Bg2 Be7 5. Ne2 Qc7 6. Nbc3 a6 7. a4 Rb8 8. Bf4 d6 9. 0-0 Bf6 10. Qd2 b5 11. axb5 axb5 12. Bg5 b4 13. Nd1 h6 14. Bxf6 Nxf6 15. Ne3 0-0 16. b3 Na7 17. f4 Nb5 18. g4 Nd4 19. Ng3 Nh7 20. h4 Qe7 21. g5 hxg5 22. hxg5 e5 23. fxe5 Qxg5 24. Qf2 dxe5 25. Ra7 Rb7 26. Rxb7 Bxb7 27. Nef5 Bc8 28. Nxd4 exd4 29. Ra1 Nf6 30. Bf3 Bg4 31. Bxg4 Nxg4 32. Qe1 Ne3 33. Ra2 f5 34. exf5 Rxf5 35. Ra8+ Kh7 0-1

[Event "Mittelrhein Verbandsliga-N 17/18"]
[Site "Nordrheinwestfalen"]
[Date "2017.12.03"]
[Round "5.4"]
[White "Jost, Christoph"]
[Black "Gossmann, Jochen"]
[Result "1-0"]
[WhiteElo "1748"]
[BlackElo "1885"]
[PlyCount "97"]
[EventDate "2017.09.10"]
[EventType "team-swiss"]
[EventRounds "11"]
[EventCountry "GER"]
[SourceTitle "EXT 2022"]
[Source "ChessBase"]
[SourceDate "2021.10.06"]
[SourceVersion "1"]
[SourceVersionDate "2021.10.06"]
[SourceQuality "1"]
[WhiteTeam "Gruenfeld"]
[BlackTeam "Kalker/Deutzer SG"]
[WhiteTeamCountry "GER"]
[BlackTeamCountry "GER"]

1. e4 e5 2. Nf3 Nc6 3. Bc4 Bc5 4. b4 Bxb4 5. c3 Ba5 6. d4 exd4 7. 0-0 h6 8. cxd4 d6 9. d5 Qf6 10. dxc6 Qxa1 11. Qb3 b5 12. Bxf7+ Kf8 13. Bb2 Qxb2 14. Qxb2 Kxf7 15. Qxb5 Bb6 16. Nc3 a6 17. Qd3 Ne7 18. Nd5 Nxd5 19. exd5 Re8 20. Nh4 Kg8 21. h3 a5 22. Qd2 Ba6 23. Re1 Bc4 24. Nf5 Rxe1+ 25. Qxe1 Bd3 26. Qe6+ Kh7 27. Qf7 Bxf5 28. Qxf5+ Kg8 29. Qe6+ Kf8 30. Kf1 Re8 31. Qf5+ Kg8 32. Qd3 Rf8 33. f3 Re8 34. Qd1 Bc5 35. Qb3 Bb6 36. Qd1 Bc5 37. Qb3 Bb6 38. Qc2 Re7 39. h4 Bc5 40. g4 Bb4 41. Kg2 Bc5 42. f4 Re1 43. g5 hxg5 44. hxg5 Bb6 45. Kh3 Re3+ 46. Kg4 Re8 47. g6 Bd4 48. Qf5 Bf6 49. Qd7 1-0

[Event "Mittelrhein Verbandsliga-O 16/17"]
[Site "Nordrheinwestfalen"]
[Date "2016.11.27"]
[Round "4"]
[White "Schwab, Wolfgang"]
[Black "Gossmann, Jochen"]
[Result "1/2-1/2"]
[WhiteElo "1641"]
[BlackElo "1842"]
[PlyCount "122"]
[EventDate "2016.09.11"]
[EventType "team-tourn"]
[EventRounds "11"]
[EventCountry "GER"]
[SourceTitle "EXT 2022"]
[Source "ChessBase"]
[SourceDate "2021.10.06"]
[SourceVersion "1"]
[SourceVersionDate "2021.10.06"]
[SourceQuality "1"]
[WhiteTeam "St Augustin Turm"]
[BlackTeam "Kalker/Deutzer SG"]
[WhiteTeamCountry "GER"]
[BlackTeamCountry "GER"]

1. d4 Nf6 2. Bf4 c5 3. c3 cxd4 4. Qxd4 Nc6 5. Qa4 e5 6. Bg3 Be7 7. Nd2 0-0 8. Ngf3 e4 9. Nxe4 d5 10. Nxf6+ Bxf6 11. e3 Be6 12. Bd3 a6 13. Qc2 h6 14. 0-0 Rc8 15. Rad1 Nb4 16. Qb1 Nxd3 17. Qxd3 Qa5 18. Qb1 Bg4 19. Rd2 Rfd8 20. Nd4 g6 21. h3 Bd7 22. Rfd1 Qb6 23. Qc2 Kg7 24. Qb3 Qxb3 25. Nxb3 Be6 26. Nd4 Bd7 27. Nb3 Be6 28. Na5 b6 29. Nb3 Kh7 30. Nd4 Bd7 31. Ne2 Ba4 32. b3 Bc6 33. Nd4 Bb7 34. Rc1 b5 35. a3 Kg8 36. Kh2 Kh7 37. Kg1 Kg7 38. Bf4 Kh7 39. Bg3 Kg7 40. Ne2 Kh7 41. Rdc2 Kg7 42. Nd4 Bxd4 43. exd4 Re8 44. Kf1 Re6 45. Re2 Rce8 46. Rce1 Rxe2 47. Rxe2 Rxe2 48. Kxe2 h5 49. Kd3 Kf6 50. f3 Ke6 51. h4 Bc6 52. b4 Kf5 53. Bh2 f6 54. Ke3 g5 55. g3 Bd7 56. Bg1 gxh4 57. gxh4 Be6 58. Bh2 Bf7 59. Bg3 Be6 60. Bh2 Bf7 61. Bg3 Be6 1/2-1/2

[Event "Mittelrhein Verbandsliga-O 16/17"]
[Site "Nordrheinwestfalen"]
[Date "2016.10.23"]
[Round "3"]
[White "Spindler, Florian"]
[Black "Gossmann, Jochen"]
[Result "1/2-1/2"]
[WhiteElo "1910"]
[BlackElo "1842"]
[PlyCount "30"]
[EventDate "2016.09.11"]
[EventType "team-tourn"]
[EventRounds "11"]
[EventCountry "GER"]
[SourceTitle "EXT 2022"]
[Source "ChessBase"]
[SourceDate "2021.10.06"]
[SourceVersion "1"]
[SourceVersionDate "2021.10.06"]
[SourceQuality "1"]
[WhiteTeam "Porz SG IV"]
[BlackTeam "Kalker/Deutzer SG"]
[WhiteTeamCountry "GER"]
[BlackTeamCountry "GER"]

1. e4 c5 2. Nf3 e6 3. d4 cxd4 4. Nxd4 a6 5. Nc3 Qc7 6. Be3 Bb4 7. Qd3 Nf6 8. f3 Nc6 9. Nxc6 bxc6 10. Be2 d5 11. 0-0 0-0 12. Na4 Bd6 13. g3 Bxg3 14. hxg3 Qxg3+ 15. Kh1 Qh3+ 1/2-1/2

[Event "Mittelrhein Verbandsliga-M 15/16"]
[Site "Nordrheinwestfalen"]
[Date "2016.03.13"]
[Round "9.5"]
[White "Tiemann, Ralf"]
[Black "Gossmann, Jochen"]
[Result "1/2-1/2"]
[WhiteElo "1748"]
[BlackElo "1831"]
[PlyCount "98"]
[EventDate "2015.09.06"]
[EventType "team-tourn"]
[EventRounds "11"]
[EventCountry "GER"]
[SourceTitle "EXT 2022"]
[Source "ChessBase"]
[SourceDate "2021.10.06"]
[SourceVersion "1"]
[SourceVersionDate "2021.10.06"]
[SourceQuality "1"]
[WhiteTeam "Schlebusch SF"]
[BlackTeam "Kalker/Deutzer SG"]
[WhiteTeamCountry "GER"]
[BlackTeamCountry "GER"]

1. e4 c5 2. Nf3 e6 3. d4 cxd4 4. Nxd4 a6 5. Nc3 Qc7 6. Be3 Bb4 7. Qd3 Nf6 8. f3 Nc6 9. Be2 d5 10. Nxc6 Qxc6 11. e5 Nd7 12. Bd4 Nc5 13. Qe3 Na4 14. a3 Bc5 15. Nxa4 Bxd4 16. Qxd4 Qxc2 17. Nb6 Rb8 18. Qa4+ Qxa4 19. Nxa4 Bd7 20. Nc5 Bc6 21. Rc1 Rc8 22. Kd2 Ke7 23. Rc2 f6 24. exf6+ gxf6 25. Rhc1 Kd6 26. g3 e5 27. Nd3 f5 28. Nb4 Bd7 29. Nd3 Rxc2+ 30. Rxc2 Rc8 31. Rxc8 Bxc8 32. g4 fxg4 33. fxg4 e4 34. Nf4 Ke5 35. Ng2 d4 36. h4 Bd7 37. h5 h6 38. Nh4 Kf4 39. Nf5 Bxf5 40. gxf5 Kxf5 41. b4 Ke5 42. Bg4 b6 43. Bc8 a5 44. bxa5 bxa5 45. Bb7 Kf4 46. Ke2 d3+ 47. Kd2 Kf3 48. Bc6 Kf4 49. a4 Kf3 1/2-1/2

[Event "Mittelrhein Verbandsliga-M 1112"]
[Site "Germany"]
[Date "2012.05.06"]
[Round "10.6"]
[White "Gossmann, Jochen"]
[Black "Bosbach, Jens"]
[Result "1/2-1/2"]
[WhiteElo "1809"]
[BlackElo "1769"]
[PlyCount "96"]
[EventDate "2011.09.18"]
[EventType "team-tourn"]
[EventRounds "11"]
[EventCountry "GER"]
[SourceTitle "EXT 2013"]
[Source "ChessBase"]
[SourceDate "2012.11.22"]
[SourceVersion "1"]
[SourceVersionDate "2012.11.22"]
[SourceQuality "1"]
[WhiteTeam "Koeln Muelheim II"]
[BlackTeam "Langenfeld III"]
[WhiteTeamCountry "GER"]
[BlackTeamCountry "GER"]

1. e4 e6 2. d4 d5 3. exd5 exd5 4. c4 Nf6 5. Nc3 c6 6. Nf3 Be7 7. Bf4 0-0 8. Bd3 Na6 9. a3 h6 10. c5 Nc7 11. h3 Ne6 12. Be3 Qc7 13. Qd2 b6 14. b4 bxc5 15. bxc5 Re8 16. 0-0 Bf8 17. Ne2 Bd7 18. Nf4 Qc8 19. Nxe6 Bxe6 20. Qa5 Bf5 21. Ba6 Qd8 22. Qxd8 Raxd8 23. Bb7 Bd7 24. Ne5 Re6 25. f4 g6 26. g4 Re7 27. Bd2 Ne4 28. Ba5 Rb8 29. Bxc6 Be8 30. Bxd5 Ng3 31. Rf2 g5 32. Bd2 Rd8 33. Kg2 Rxd5 34. Kxg3 Rxd4 35. Nf3 gxf4+ 36. Bxf4 Rd3 37. Kh2 Bg7 38. Rb1 Bc6 39. Nh4 Be5 40. Bxe5 Rxe5 41. Rb8+ Kg7 42. Nf5+ Kh7 43. Rc8 Bd7 44. Rc7 Bxf5 45. Rxf7+ Kg6 46. R7xf5 Ree3 47. Rh5 Rxa3 48. Rd2 Rac3 1/2-1/2

[Event "Mittelrhein Verbandsliga-M 1112"]
[Site "Germany"]
[Date "2011.11.13"]
[Round "3.7"]
[White "Wolff, Michael"]
[Black "Gossmann, Jochen"]
[Result "1-0"]
[WhiteElo "1844"]
[BlackElo "1809"]
[PlyCount "51"]
[EventDate "2011.09.18"]
[EventType "team-tourn"]
[EventRounds "11"]
[EventCountry "GER"]
[SourceTitle "EXT 2013"]
[Source "ChessBase"]
[SourceDate "2012.11.22"]
[SourceVersion "1"]
[SourceVersionDate "2012.11.22"]
[SourceQuality "1"]
[WhiteTeam "Koeln Ford SF II"]
[BlackTeam "Koeln Muelheim II"]
[WhiteTeamCountry "GER"]
[BlackTeamCountry "GER"]

1. e4 c6 2. d4 d5 3. exd5 cxd5 4. c4 Nf6 5. Nc3 Nc6 6. Nf3 e6 7. c5 Ne4 8. Bd3 Nxc3 9. bxc3 Be7 10. Qc2 h6 11. h4 Bd7 12. h5 e5 13. Nxe5 Nxe5 14. dxe5 Bxc5 15. Rb1 Qc7 16. Bf4 0-0 17. 0-0 Rac8 18. Qd2 Bc6 19. Rfe1 Qd7 20. Bxh6 gxh6 21. Qxh6 f5 22. exf6 Rce8 23. Qg6+ Kh8 24. Rxe8 Rxe8 25. f7 Re4 26. Qg8# 1-0

[Event "Cologne Longerich op 6th"]
[Site "Cologne"]
[Date "2009.08.23"]
[Round "5"]
[White "Ziemer, Wolfgang"]
[Black "Gossmann, Jochen"]
[Result "0-1"]
[WhiteElo "1442"]
[BlackElo "1755"]
[PlyCount "56"]
[EventDate "2009.08.21"]
[EventType "swiss"]
[EventRounds "5"]
[EventCountry "GER"]
[SourceTitle "EXT 2012"]
[Source "ChessBase"]
[SourceDate "2011.11.24"]
[SourceVersion "1"]
[SourceVersionDate "2011.11.24"]
[SourceQuality "1"]

1. Nf3 g6 2. g3 b6 3. Bg2 Bb7 4. d3 Bg7 5. 0-0 d6 6. c3 Nd7 7. e4 e5 8. Qb3 Ngf6 9. Be3 0-0 10. Re1 c6 11. c4 Ng4 12. Nc3 Nxe3 13. Rxe3 Nc5 14. Qc2 Ne6 15. Ree1 f5 16. Nh4 f4 17. Qd1 Qf6 18. Nf3 Bc8 19. Ne2 fxg3 20. fxg3 Ng5 21. Rf1 Nh3+ 22. Kh1 g5 23. Qd2 g4 24. Nh4 Nf2+ 25. Kg1 Bh6 26. Qe1 Be3 27. Nc3 Qh6 28. Nd1 Nxd1+ 0-1

[Event "Duesseldorf Nord Cup 8th GrF"]
[Site "Duesseldorf"]
[Date "2008.08.03"]
[Round "5"]
[White "Gossmann, Jochen"]
[Black "Steinhoefel, Heinz"]
[Result "0-1"]
[WhiteElo "1793"]
[BlackElo "1823"]
[PlyCount "20"]
[EventDate "2008.08.01"]
[EventType "tourn"]
[EventRounds "5"]
[EventCountry "GER"]
[SourceTitle "EXT 2017"]
[Source "ChessBase"]
[SourceDate "2016.10.25"]
[SourceVersion "1"]
[SourceVersionDate "2016.10.25"]
[SourceQuality "1"]

1. e4 e6 2. d4 d5 3. e5 c5 4. c3 Qb6 5. f4 Nc6 6. Nf3 Nge7 7. Bd3 Bd7 8. dxc5 Qxc5 9. Qe2 d4 10. cxd4 Qxc1+ 0-1

[Event "Duesseldorf Nord Cup 8th GrF"]
[Site "Duesseldorf"]
[Date "2008.08.03"]
[Round "4"]
[White "Mundorf, Johannes"]
[Black "Gossmann, Jochen"]
[Result "1-0"]
[WhiteElo "1797"]
[BlackElo "1793"]
[PlyCount "43"]
[EventDate "2008.08.01"]
[EventType "tourn"]
[EventRounds "5"]
[EventCountry "GER"]
[SourceTitle "EXT 2017"]
[Source "ChessBase"]
[SourceDate "2016.10.25"]
[SourceVersion "1"]
[SourceVersionDate "2016.10.25"]
[SourceQuality "1"]

1. d4 Nf6 2. Nf3 g6 3. g3 Bg7 4. Bg2 d6 5. b3 0-0 6. Bb2 c6 7. 0-0 Nh5 8. Nbd2 f5 9. e4 f4 10. e5 fxg3 11. fxg3 Bg4 12. Nc4 Bh6 13. Qe1 Qd7 14. Nh4 Na6 15. d5 cxd5 16. Bxd5+ e6 17. Bg2 Rxf1+ 18. Bxf1 g5 19. Qe4 Bf5 20. Nxf5 exf5 21. Qd5+ Kf8 22. e6 1-0